Rmper las cadenas de la pobreza mediante la microfilmación
محفوظ في:
| التنسيق: | نص |
|---|---|
| الموضوعات: | |
| الوسوم: |
إضافة وسم
لا توجد وسوم, كن أول من يضع وسما على هذه التسجيلة!
|
MARC
| LEADER | 00000 a a2200000 04500 | ||
|---|---|---|---|
| 001 | 18691 | ||
| 003 | |||
| 040 | |||
| 245 | |a Rmper las cadenas de la pobreza mediante la microfilmación | ||
| 650 | |a TRABAJO DE MENORES | ||
| 650 | |a MIGRANTES | ||
| 650 | |a POBREZA | ||
| 650 | |a PROBLEMAS SOCIALES | ||
| 650 | |a FINANCIAMIENTO | ||
| 650 | |a CREDITOS | ||
| 650 | |a ECONOMIA | ||
| 773 | |g número 55; páginas 11-13 | ||
| 999 | |c 40105 |d 40105 | ||
